000
00326nam a2200145Ia 4500
100
_a
Beatty/Millard F
650
_a
Mechanics
942
_c
BK
245
_a
Principles of Engineering Mechanics-Dynamics
260
_b
Springer
_c
2006
082
_a
620.1
_b
BEA
300
_a
595
546
_a
ENGLISH
_c
Info.Tech
999
_c
20996
_d
20996